• 首页
  • 本馆介绍
  • 公告通知
  • 最新文献
  • 馆藏检索
  • 电子资源
  • 读者导购
  • 参考咨询
  • 我的图书馆
  • 登录
  • 详细信息显示
  • 放入我的书架
  • 预约/预借图书
  • 作者相关作品
  • 分类相关作品
  • 丛书相关作品
  • 出版社相关作品

书目信息

  • 表格格式
  • 工作单格式
  • 卡片格式
题名:
机械工程材料工艺学,又名,金属工艺学
    
 
作者: 罗会昌 主编
分册:  
出版信息: 北京   高等教育出版社  1990.10
页数: 353页
开本: 26厘米
丛书名:
单 册:
中图分类: TG14
科图分类:
主题词: 金属学--工艺学--专业学校--教材
电子资源:
ISBN: 7-04-003031-4
000 00768cam0 2200241 450
001 0100327319
005 20130724101141.0
010    @a7-04-003031-4@dCNY17.10
011    @a7-04-003031-4
100    @a20021005d1990 em y0chiy0110 ea
101 0  @achi
102    @aCN@b110000
105    @ay z 000yy
106    @ar
200 1  @a机械工程材料工艺学,又名,金属工艺学@9Ji Xie Gong Cheng Cai Liao Gong Yi Xue , You Ming , Jin Shu;Zhu Gong Yi Xue @f罗会昌主编@b专著
210    @a北京@c高等教育出版社@d1990.10
215    @a353页@d26厘米
300    @a中等专业学校教材 工科非机械类专业通用
606 0  @a金属学@x工艺学@x专业学校@x教材
690    @aTG14@v3
701  0 @a罗会昌@9luo hui chang@4主编
801  0 @aCN@bAiZhiMarc@c19910529
905    @aBZT@dTG14@e5@f6@sTG14/5
    
    机械工程材料工艺学,又名,金属工艺学/罗会昌主编.-北京:高等教育出版社,1990.10
    353页;26厘米
    中等专业学校教材 工科非机械类专业通用
    
    ISBN 7-04-003031-4:CNY17.10
    
●
相关链接 在五车中查询图书 在当当中查询图书 在豆瓣中查询图书


正题名:机械工程材料工艺学,又名,金属工艺学     索取号:TG14/5         预约/预借

序号 登录号 条形码 馆藏地/架位号 状态 备注
1 2000060764   2000060764   旧书回溯/ [索取号:TG14/5] 在馆    
2 2000060765   2000060765   旧书回溯/ [索取号:TG14/5] 在馆    
3 2000060766   2000060766   旧书回溯/ [索取号:TG14/5] 在馆    
4 2000060767   2000060767   旧书回溯/ [索取号:TG14/5] 在馆    
5 2000060768   2000060768   旧书回溯/ [索取号:TG14/5] 在馆    
6 2000060910   2000060910   旧书回溯/ [索取号:TG14/5] 在馆    
山东省滨州职业学院图书馆 欢迎您!
大连网信软件有限公司© 版权所有